| 000 | 00743nam a2200229Ia 4500 | ||
|---|---|---|---|
| 001 | 16997 | ||
| 003 | GE_BSU | ||
| 008 | 181216s||||||||xx |||||||||||||| ||und|| | ||
| 040 | _cGE_BSU | ||
| 080 | _a821.353.1-32 | ||
| 100 | _aბეჟანიშვილი, რ. | ||
| 245 | _aგულაღმა მოთიბულ ბალახზე | ||
| 245 | _bმოთხრობები | ||
| 245 | _cრედ. გ. ნატროშვილი | ||
| 260 | _aთბილისი | ||
| 260 | _bსაბჭ. მწერალი | ||
| 260 | _c1961 | ||
| 300 | _a214გვ. ; 17სმ. | ||
| 653 | _aგულაღმა მოთიბულ ბალახზე | ||
| 653 | _aმოთხრობები | ||
| 942 | _cBK | ||
| 999 |
_c50059 _d50059 |
||